Gravitation, gauge theories and the early universe (Record no. 12230)

MARC details
000 -LEADER
fixed length control field 00709nam a2200217Ia 4500
003 - CONTROL NUMBER IDENTIFIER
control field IN-BaIIA
008 - FIXED-LENGTH DATA ELEMENTS--GENERAL INFORMATION
fixed length control field 211028s9999 xx 000 0 eng d
020 ## - INTERNATIONAL STANDARD BOOK NUMBER
International Standard Book Number 90-277-2710-4
040 ## - CATALOGING SOURCE
Transcribing agency IIA Library
080 ## - UNIVERSAL DECIMAL CLASSIFICATION NUMBER
Universal Decimal Classification number 524.834
Item number GRA
245 #0 - TITLE STATEMENT
Title Gravitation, gauge theories and the early universe
Statement of responsibility, etc. edited by B. R. Iyer, N. Mukunda and C. V. Vishveshwara
260 ## - PUBLICATION, DISTRIBUTION, ETC.
Place of publication, distribution, etc. Dordrecht
Name of publisher, distributor, etc. Kluwer Academic
Date of publication, distribution, etc. 1989
300 ## - PHYSICAL DESCRIPTION
Extent xiii, 545p.
490 ## - SERIES STATEMENT
Series statement Funfamental theories of physics
650 ## - SUBJECT ADDED ENTRY--TOPICAL TERM
Topical term or geographic name entry element Gravitation
650 ## - SUBJECT ADDED ENTRY--TOPICAL TERM
Topical term or geographic name entry element Universe
9 (RLIN) 1987
700 ## - ADDED ENTRY--PERSONAL NAME
Personal name Iyer, B. R., ed.
700 ## - ADDED ENTRY--PERSONAL NAME
Personal name Mukunda, N., ed.
9 (RLIN) 21381
700 ## - ADDED ENTRY--PERSONAL NAME
Personal name Vishveshwara, C. V., ed.
9 (RLIN) 11619
942 ## - ADDED ENTRY ELEMENTS (KOHA)
Koha item type Books
Holdings
Withdrawn status Lost status Damaged status Not for loan Home library Current library Shelving location Date acquired Source of acquisition Total Checkouts Full call number Barcode Date last seen Price effective from Koha item type Purchase Price
        IIA Library-Bangalore IIA Library-Bangalore General Stacks 12/09/1997 EDS   524.834/ GRA 13146 05/11/2021 12/09/1997 Books DFL 520.00

Powered by Koha